Компоты, кисели, морсы (Запись № 733434)

Подробности
000 -МАРКЕР
контрольное поле 01293nam0a2200373 4500
001 - ИДЕНТИФИКАТОР ЗАПИСИ
контрольное поле RU\NLR\bibl\433616
005 - ИДЕНТИФИКАТОР ВЕРСИИ
контрольное поле 20260405163828.0
010 ## - МЕЖДУНАРОДНЫЙ СТАНДАРТНЫЙ НОМЕР КНИГИ (ISBN)
Номер (ISBN) 5-699-00660-5
Тираж 10000
021 ## - НОМЕР ГОСУДАРСТВЕННОЙ РЕГИСТРАЦИИ
Код страны Российская Федерация
Номер 2003-32343
Номер Листа государственной регистраци 1532
035 ## - ДРУГИЕ СИСТЕМНЫЕ НОМЕРА
Идентификатор записи (NLR Aleph) 000427444
100 ## - ДАННЫЕ ОБЩЕЙ ОБРАБОТКИ
Данные общей обработки 20030826d2002 |||y0rusy50 ca
101 0# - ЯЗЫК РЕСУРСА
Язык текста, звукозаписи и т.д. русский
102 ## - СТРАНА ПУБЛИКАЦИИ ИЛИ ПРОИЗВОДСТВА
Страна публикации Российская Федерация
105 ## - ПОЛЕ КОДИРОВАННЫХ ДАННЫХ: ТЕКСТОВЫЕ МАТЕРИАЛЫ, МОНОГРАФИЧЕСКИЕ
Кодированные данные о монографическом текстовом документе a |||||||||
200 1# - ЗАГЛАВИЕ И СВЕДЕНИЯ ОБ ОТВЕТСТВЕННОСТИ
Основное заглавие Компоты, кисели, морсы
Первые сведения об ответственности [Сост. О.К. Савельева]
210 ## - ПУБЛИКАЦИЯ, РАСПРОСТРАНЕНИЕ И ДР.
Место издания, распространения и т.д. СПб.
Имя издателя, распространителя и т. д. Терция
Место издания, распространения и т.д. М.
Имя издателя, распространителя и т. д. ЭКСМО
Дата издания, распространения и т.д. 2002
215 ## - ФИЗИЧЕСКАЯ ХАРАКТЕРИСТИКА
Специфическое обозначение материала и объем 61, [2] с.
Другие сведения о физической характеристике ил.
Размеры 17
225 1# - СЕРИЯ
Основное заглавие серии Очень просто!
606 0# - НАИМЕНОВАНИЕ ТЕМЫ КАК ПРЕДМЕТ
Наименование темы Кисели
Тематический подзаголовок Рецептура
Системный номер авторитетной/нормативной записи 1342666
Идентификатор авторитетной/нормативной записи RU\NLR\auth\66559884
606 0# - НАИМЕНОВАНИЕ ТЕМЫ КАК ПРЕДМЕТ
Наименование темы Компоты
Тематический подзаголовок Рецептура
Системный номер авторитетной/нормативной записи 2206897
Идентификатор авторитетной/нормативной записи RU\NLR\auth\661325884
606 0# - НАИМЕНОВАНИЕ ТЕМЫ КАК ПРЕДМЕТ
Наименование темы Морсы
Тематический подзаголовок Рецептура
Системный номер авторитетной/нормативной записи 1447525
Идентификатор авторитетной/нормативной записи RU\NLR\auth\66613066
610 0# - НЕКОНТРОЛИРУЕМЫЕ ПРЕДМЕТНЫЕ ТЕРМИНЫ
Предметный термин Напитки - Рецептура
675 ## - УНИВЕРСАЛЬНАЯ ДЕСЯТИЧНАЯ КЛАССИФИКАЦИЯ (UDC/УДК)
Индекс 641.85(083.12)
Издание 3
Язык издания rus
686 ## - ИНДЕКСЫ ДРУГИХ КЛАССИФИКАЦИЙ
Индекс 36.997
Код системы
686 ## - ИНДЕКСЫ ДРУГИХ КЛАССИФИКАЦИЙ
Индекс Л991.5
702 #1 - ИМЯ ЛИЦА - ВТОРИЧНАЯ ОТВЕТСТВЕННОСТЬ
Код отношения Составитель
Материалы, к которым относится поле rus
Графика поля Кириллица
Начальный элемент ввода Савельева
Часть имени, кроме начального элемента ввода О. К.
Дополнения к именам, кроме дат популяризатор
Идентификатор авторитетной/нормативной записи RU\NLR\AUTH\7769912
Системный номер авторитетной/нормативной записи 52840
801 #0 - ИСТОЧНИК ЗАПИСИ
Страна Российская Федерация
Организация RKP
Дата составления 20030826
Правила каталогизации PSBO
801 #1 - ИСТОЧНИК ЗАПИСИ
Страна Российская Федерация
Организация RKP
Дата составления 20030826
801 #2 - ИСТОЧНИК ЗАПИСИ
Страна Российская Федерация
Организация NLR
Дата составления 20081024
Правила каталогизации rcr
942 ## - ДОПОЛНИТЕЛЬНЫЕ ЭЛЕМЕНТЫ ЗАПИСИ (АБИС)
Тип экземпляра АБИС Книга
980 ## - КОЛЛЕКЦИЯ
Название коллекции Национальная библиография
Экземпляры
Тип экземпляра Дата поступления Источник поступления Библиотека постоянного хранения Библиотека текущего хранения Место хранения Шифр хранения Штрих-код Статус экземпляра
Книга 04.09.2003 Обязательный экземпляр РНБ (Московский) РНБ (Московский) Русский книжный фонд: издания с 1957 года 2003-2/3472 542586  
Книга 04.09.2003 Обязательный экземпляр РНБ (Московский) РНБ (Московский) Обменный фонд   542587